Prijímatelia asignačnej dane v čase koronakrízy

Skúmanie prijímateľov asignačnej dane vo všeobecnosti a osobitne v čase koronakrízy v podmienkach vybraných druhov neziskových účtovných jednotiek. Význam a osobitosti prijímateľov asignačnej dane ako špecifických účtovných jednotiek so zreteľom vplyvu koronakrízy na finančné zdravie neziskových účt...

Descripción completa

Guardado en:
Detalles Bibliográficos
Autor principal: Kordošová, Alena, 1970-
Formato: Capítulo de libro
Lenguaje:eslovaco
Materias:
Etiquetas: Agregar Etiqueta
Sin Etiquetas, Sea el primero en etiquetar este registro!

MARC

LEADER 00000naa a2200000 4500
001 0280570
005 20240502074344.6
041 0 |a slo 
044 |a SK 
245 1 0 |a Prijímatelia asignačnej dane v čase koronakrízy  |c Alena Kordošová 
520 |a Skúmanie prijímateľov asignačnej dane vo všeobecnosti a osobitne v čase koronakrízy v podmienkach vybraných druhov neziskových účtovných jednotiek. Význam a osobitosti prijímateľov asignačnej dane ako špecifických účtovných jednotiek so zreteľom vplyvu koronakrízy na finančné zdravie neziskových účtovných jednotiek. 
610 2 0 |a koronakríza 
610 2 0 |a dane 
610 2 0 |a fondy neinvestičné 
610 2 0 |a nadácie 
610 2 0 |a združenia 
610 2 0 |a jednotka účtovná 
100 1 |a Kordošová, Alena, 1970-